000 00698nam a2200241 a 4500
999 _c652
_d652
008 191003r20122013ii a|||g |||| 00| 0 eng d
020 _a9788121914413
_cRs. 215.00
040 _aKO
_beng
041 0 _aeng
044 _aii
082 0 4 _223
_a535
_bM969
100 1 _aMurugeshan, R.
245 1 0 _aOptics and Spectroscopy /
_cR. Murugeshan, Kiruthiga Sivaprasath
250 _a8th rev. ed.
260 _aNew Delhi :
_bS. Chand & Company Ltd,
_c2012, reprint 2013
300 _axiv, 490 p. :
_bill. ;
_c24 cm.
650 0 _aPhysics
_xOptics
_vTextbooks
650 0 _aOptics
_xSpectrum analysis
_vTextbooks
700 1 _aSivaprasath, Kiruthiga
_eaut
904 _aS_JOY
942 _cBK